[Event "GER-chT Lands U20"]
[Site "Hannover"]
[Date "2012.09.30"]
[Round "2.8"]
[White "Liez, Tatjana"]
[Black "Lemke, Berfin"]
[Result "1-0"]
[WhiteElo "1532"]
[BlackElo "1595"]
[PlyCount "95"]
[EventDate "2012.09.29"]
[EventType "team-swiss"]
[EventRounds "7"]
[EventCountry "GER"]
[SourceTitle "CBM 150 Extra"]
[Source "ChessBase"]
[SourceDate "2012.10.19"]
[SourceVersion "1"]
[SourceVersionDate "2012.10.19"]
[SourceQuality "1"]
[WhiteTeam "Hessen II"]
[BlackTeam "Hamburg"]
[WhiteTeamCountry "GER"]
[BlackTeamCountry "GER"]

1. e4 c5 2. Nf3 d6 3. d4 cxd4 4. Nxd4 Nf6 5. f3 Nc6 6. Bb5 Qb6 7. c4 Bd7 8. Nc2 a6 9. Be3 Qa5+ 10. Bd2 Qb6 11. Be3 Qa5+ 12. Bd2 Qc7 13. Bxc6 bxc6 14. b3 g6 15. 0-0 Bg7 16. Bc3 0-0 17. Bd4 Be6 18. Nc3 Rfd8 19. Na4 Nd7 20. Bxg7 Kxg7 21. Rc1 Nf6 22. Qe2 Qa7+ 23. Kh1 Nd7 24. Rfd1 Nc5 25. Nd4 Bd7 26. Qb2 Kg8 27. Nc3 Rab8 28. Qd2 Kg7 29. Nce2 Qb7 30. Ng3 Ne6 31. h4 h5 32. Nxh5+ Kh7 33. g4 Rg8 34. Ng3 Qc8 35. Kg2 Qf8 36. Rh1 Qh6 37. g5 Qf8 38. h5 Rh8 39. hxg6+ Kxg6 40. f4 Kg7 41. Ndf5+ Kg8 42. Rxh8+ Kxh8 43. Rh1+ Kg8 44. Nh6+ Kh7 45. e5 d5 46. Qd3+ Kg7 47. Nhf5+ Kg8 48. Nxe7+ 1-0

[Event "GER-ch Schools U18 Girls"]
[Site "Germany"]
[Date "2010.05.07"]
[Round "3.3"]
[White "Mueller, Laura Margarita"]
[Black "Liez, Tatjana"]
[Result "0-1"]
[WhiteElo "1544"]
[BlackElo "1190"]
[PlyCount "81"]
[EventDate "2010.05.07"]
[EventType "team-swiss"]
[EventRounds "7"]
[EventCountry "GER"]
[SourceTitle "EXT 2011"]
[Source "ChessBase"]
[SourceDate "2010.11.26"]
[SourceVersion "1"]
[SourceVersionDate "2010.11.26"]
[SourceQuality "1"]
[WhiteTeam "Wattenscheid (W)"]
[BlackTeam "Limburg Mariens (W)"]
[WhiteTeamCountry "GER"]
[BlackTeamCountry "GER"]

1. d4 d5 2. c4 c6 3. e3 Bf5 4. Nc3 e6 5. Nf3 Nf6 6. Bd3 Bxd3 7. Qxd3 Bb4 8. 0-0 Nbd7 9. a3 Ba5 10. cxd5 cxd5 11. Bd2 a6 12. Rac1 0-0 13. Ne2 Bxd2 14. Nxd2 Qb6 15. h3 h6 16. f3 e5 17. Qb3 Qxb3 18. Nxb3 Rac8 19. Rxc8 Rxc8 20. Nc3 b6 21. Rd1 a5 22. a4 e4 23. Rd2 g5 24. fxe4 Nxe4 25. Nxe4 dxe4 26. g4 Rc4 27. Nc1 Rxc1+ 28. Kg2 f6 29. Kf2 Kf7 30. Kg3 Nf8 31. Re2 Ke7 32. Kg2 Rc4 33. b3 Rc3 34. Kf2 Rxb3 35. Rc2 Kd7 36. Ke2 Rb4 37. Ra2 Rc4 38. Kd2 Ne6 39. Ke2 Nc7 40. Kd2 Nd5 41. Ke2 0-1

[Event "Main Vogelsberg op 4th"]
[Site "Heusenstamm"]
[Date "2009.05.03"]
[Round "6"]
[White "Liez, Tatjana"]
[Black "Fels, Georg"]
[Result "0-1"]
[WhiteElo "815"]
[BlackElo "1143"]
[PlyCount "74"]
[EventDate "2009.04.30"]
[EventType "swiss"]
[EventRounds "7"]
[EventCountry "GER"]
[SourceTitle "CBM 130 Extra"]
[Source "ChessBase"]
[SourceDate "2009.07.02"]
[SourceVersion "2"]
[SourceVersionDate "2009.07.15"]
[SourceQuality "1"]

1. e4 e5 2. Nf3 a6 3. d3 Nc6 4. Nc3 Bc5 5. Be3 Bxe3 6. fxe3 Nf6 7. d4 exd4 8. exd4 0-0 9. Bd3 d6 10. h3 Re8 11. Qe2 Nb4 12. 0-0-0 Nxd3+ 13. cxd3 c6 14. Qc2 Be6 15. b3 Qa5 16. Rde1 Re7 17. g4 h6 18. Qg2 Qxc3+ 19. Qc2 Qxc2+ 20. Kxc2 d5 21. e5 Nd7 22. Rhg1 Rc8 23. Kb2 Kh7 24. Rg3 c5 25. Rc1 b6 26. g5 Bf5 27. gxh6 gxh6 28. Nh4 Bg6 29. Re1 cxd4 30. Rg4 Nxe5 31. Ka3 Bxd3 32. Rxd4 Rc5 33. b4 Rc3+ 34. Kb2 Rec7 35. Rxe5 Rc2+ 36. Kb3 R7c3+ 37. Ka4 Bb5# 0-1